Gaming Quiz

Random Gaming Quiz
Score 0/89 Timer 15:00
0 Plays Today
Hint Hero % Correct
LightbearersLucius
95.4%
LightbearersBelinda
94.8%
LightbearersRowan
92.9%
LightbearersRosaline
89.5%
GravebornShemira
89.1%
WildersTasi
88.9%
MaulersBrutus
87.8%
DimensionalsAinz Ooal Gown
87.5%
WildersLyca
86.3%
DimensionalsArthur
86.1%
CelestialsTalene
85.4%
DimensionalsJoker
84.7%
DimensionalsEzio
84.6%
DimensionalsAlbedo
84.3%
WildersEironn
84.2%
DimensionalsQueen
84.1%
WildersNemora
83.7%
GravebornDaimon
82.8%
GravebornThoran
82.8%
CelestialsAthalia
82.8%
CelestialsElijah and Lailah
81.8%
LightbearersGwyneth
81.7%
HypogeanEzizh
81.5%
LightbearersFawkes
79.8%
MaulersSafiya
79.4%
CelestialsWu Kong
78.7%
MaulersSkreg
78.6%
WildersSaurus
78.6%
LightbearersRaine
78.4%
LightbearersEstrilda
78.3%
Hint Hero % Correct
LightbearersThane
78.3%
HypogeanMehira
77.3%
LightbearersHendrik
77.1%
LightbearersCecilia
76.4%
HypogeanLucretia
76.3%
CelestialsFlora
76%
GravebornFerael
75.9%
MaulersTidus
75.2%
LightbearersRigby
73.6%
GravebornNara
73.5%
MaulersAntandra
72.8%
LightbearersOscar
72.7%
GravebornIzold
72.3%
DimensionalsNakoruru
72.1%
WildersUlmus
72%
GravebornGrezhul
71.8%
MaulersSkriath
71.7%
MaulersVurk
71.7%
GravebornIsabella
71.7%
LightbearersHogan
71.6%
WildersPippa
71.1%
MaulersNumisu
69.8%
MaulersSatrana
69.8%
CelestialsZaphrael
69.8%
GravebornBaden
69.5%
HypogeanMezoth
69.5%
WildersArden
69.2%
LightbearersMirael
68.9%
WildersKaz
68.7%
WildersGorvo
68.6%
Hint Hero % Correct
WildersSeirus
68.4%
GravebornSilas
68.4%
MaulersWarek
68%
DimensionalsUkyo
67.5%
CelestialsOrthros
67.4%
GravebornNiru
66.8%
WildersLorsan
66.5%
HypogeanZolrath
66.5%
CelestialsAlna
66%
MaulersDrez
64.6%
GravebornOden
64.2%
LightbearersAngelo
63.5%
MaulersSaveas
63%
MaulersKhasos
62.9%
WildersSolise
62.9%
HypogeanMortas
61.4%
HypogeanKhazard
61.2%
GravebornVedan
58.4%
WildersIra
58%
GravebornKelthur
57.6%
GravebornSilvina
56.9%
LightbearersMorvus
56%
MaulersAnoki
55.7%
WildersOgi
55.1%
GravebornTorne
52.7%
MaulersGolus
50.3%
GravebornTheowyn
48.5%
MaulersAnkhira
47.8%
MaulersKren
46.5%
Remove Ads.
Support Sporcle.
Get the best of Sporcle when you Go Orange. This ad-free experience offers more features, more stats, and more fun while also helping to support Sporcle. Thank you for becoming a member.

You're not logged in!

Compare scores with friends on all Sporcle quizzes.
OR
Log In

Show Comments

Extras

Created Nov 23, 2020ReportNominate
Tags:Gamer, Hero, Mobile Games

Top Quizzes Today


Score Distribution

Your Account Isn't Verified!

In order to create a playlist on Sporcle, you need to verify the email address you used during registration. Go to your Sporcle Settings to finish the process.

Report this User

Report this user for behavior that violates our Community Guidelines.

Details: